[Event "Belt and Road Shaoxing 6th"]
[Site "Shaoxing"]
[Date "2024.07.28"]
[Round "5"]
[White "Chen, Yining"]
[Black "Ni, Shiqun"]
[Result "0-1"]
[WhiteElo "2300"]
[BlackElo "2352"]
[PlyCount "160"]
[EventDate "2024.07.24"]
[EventType "swiss"]
[EventRounds "9"]
[EventCountry "CHN"]
[SourceTitle "CBM 221 Extra"]
[Source "ChessBase"]
[SourceDate "2024.09.30"]
[SourceVersion "1"]
[SourceVersionDate "2024.09.30"]
[SourceQuality "1"]

1. d4 d5 2. c4 e6 3. Nf3 Nf6 4. Nc3 dxc4 5. e4 Bb4 6. Bxc4 Nxe4 7. 0-0 Nf6 8. Qa4+ Nc6 9. Ne5 a5 10. Rd1 0-0 11. Nxc6 bxc6 12. Qxc6 Bd7 13. Qf3 a4 14. Bg5 h6 15. Bh4 Be7 16. Rac1 Rb8 17. b3 axb3 18. Bxb3 Rb4 19. Bxf6 Bxf6 20. Ne4 Ba4 21. Qc3 Bxb3 22. axb3 Rb6 23. Qc4 c6 24. Qa4 Qd5 25. Nxf6+ gxf6 26. Rd3 Rfb8 27. Rg3+ Kh7 28. h3 Rxb3 29. Rxb3 Rxb3 30. Rc5 Rb1+ 31. Kh2 Qd6+ 32. g3 Rb2 33. Rc2 Rxc2 34. Qxc2+ Kg7 35. Qc3 Qd5 36. f4 Qe4 37. Kg1 h5 38. h4 Kg6 39. Qc5 Qf3 40. Qc2+ Kh6 41. Kh2 Kg7 42. Qb2 Qd3 43. Qc1 Qxd4 44. Qxc6 e5 45. fxe5 fxe5 46. Qf3 Kg6 47. Qc6+ Kg7 48. Qf3 Qg4 49. Qe3 Qf5 50. Kg2 Kg6 51. Qb6+ f6 52. Qd8 Qe4+ 53. Kh2 Qc2+ 54. Kg1 Qc5+ 55. Kh2 Qc2+ 56. Kg1 Qb1+ 57. Kh2 Qa2+ 58. Kg1 Qe6 59. Qd3+ e4 60. Qe3 Qd5 61. Qf4 Qd1+ 62. Kg2 Qd5 63. Kg1 Qd4+ 64. Kg2 Qb2+ 65. Kg1 Qb1+ 66. Kg2 Qa2+ 67. Kg1 Qd5 68. Qe3 Qd3 69. Qf4 e3 70. Qb8 Qd1+ 71. Kh2 Qc2+ 72. Kh3 Qf5+ 73. Kh2 Qe6 74. Qb1+ Kg7 75. Qe1 e2 76. Kg2 Qe3 77. Kh2 Qf3 78. Kg1 Kf7 79. Kh2 Qf1 80. Qa5 e1Q 0-1

[Event "Belt and Road Shaoxing 6th"]
[Site "Shaoxing"]
[Date "2024.07.27"]
[Round "4"]
[White "Chen, Yining"]
[Black "Ha, Yihan"]
[Result "1-0"]
[WhiteElo "2300"]
[BlackElo "2166"]
[PlyCount "205"]
[EventDate "2024.07.24"]
[EventType "swiss"]
[EventRounds "9"]
[EventCountry "CHN"]
[SourceTitle "CBM 221 Extra"]
[Source "ChessBase"]
[SourceDate "2024.09.30"]
[SourceVersion "1"]
[SourceVersionDate "2024.09.30"]
[SourceQuality "1"]

1. d4 Nf6 2. c4 e6 3. Nf3 d5 4. Nc3 Be7 5. Bf4 0-0 6. e3 Nbd7 7. c5 Nh5 8. Bd3 Nxf4 9. exf4 b6 10. b4 a5 11. a3 c6 12. 0-0 Ba6 13. Bxa6 Rxa6 14. Qe2 Qa8 15. Rab1 axb4 16. axb4 bxc5 17. bxc5 Ra3 18. Rfc1 Bf6 19. Qd2 g6 20. Ne5 Bxe5 21. fxe5 Kg7 22. h4 Rb8 23. h5 h6 24. hxg6 fxg6 25. Rxb8 Qxb8 26. Rb1 Rb3 27. Rxb3 Qxb3 28. Ne2 Nf8 29. Kh2 Qc4 30. Qe3 Qc2 31. g4 Qd1 32. Kg2 Nd7 33. Qf3 g5 34. Kh3 Kg8 35. Kh2 Nf8 36. Kg3 Nd7 37. Qe3 Qh1 38. f4 Qh4+ 39. Kf3 Qh1+ 40. Kf2 Qh2+ 41. Ke1 Qh4+ 42. Qg3 Qh1+ 43. Kd2 Qb1 44. Qd3 Qb2+ 45. Qc2 Qb4+ 46. Qc3 Qb1 47. Qd3 Qb2+ 48. Ke3 gxf4+ 49. Kxf4 Nf8 50. Kg3 Qa1 51. Qe3 Qe1+ 52. Qf2 Qxf2+ 53. Kxf2 Kf7 54. Nf4 Ng6 55. Nd3 Ne7 56. Nf4 Ng6 57. Nh5 Ne7 58. Kg3 Kg6 59. Nf4+ Kf7 60. Kh3 Ng8 61. Kh4 Ne7 62. Kh5 Ng8 63. Nd3 Kg7 64. Nf4 Kf7 65. Ng6 Kg7 66. Nf4 Kf7 67. Ng2 Kg7 68. Ne3 Ne7 69. Nc2 Kh7 70. Nb4 Kg7 71. Na6 Ng8 72. Nc7 Kf7 73. Na8 Kg7 74. Nb6 Ne7 75. Kh4 Ng6+ 76. Kg3 Ne7 77. Nd7 Ng6 78. Nf6 Kf7 79. g5 hxg5 80. Nh7 Nf8 81. Nxg5+ Ke7 82. Nh3 Nd7 83. Nf2 Kf7 84. Nd3 Kg6 85. Kg4 Kh6 86. Nf4 Nf8 87. Nd3 Ng6 88. Nb4 Ne7 89. Kf4 Kg6 90. Ke3 Kg5 91. Na6 Kf5 92. Nc7 Ng6 93. Ne8 Nf8 94. Nd6+ Kg5 95. Nf7+ Kf5 96. Nd8 Kg6 97. Nxc6 Kf7 98. Kf4 Ke8 99. Kg5 Kd7 100. Nb4 Ke7 101. c6 Kd8 102. Kf6 Ke8 103. Kg7 1-0

[Event "Belt and Road Shaoxing 6th"]
[Site "Shaoxing"]
[Date "2024.07.26"]
[Round "3"]
[White "Li, Xueyi"]
[Black "Chen, Yining"]
[Result "1/2-1/2"]
[WhiteElo "2209"]
[BlackElo "2300"]
[PlyCount "95"]
[EventDate "2024.07.24"]
[EventType "swiss"]
[EventRounds "9"]
[EventCountry "CHN"]
[SourceTitle "CBM 221 Extra"]
[Source "ChessBase"]
[SourceDate "2024.09.30"]
[SourceVersion "1"]
[SourceVersionDate "2024.09.30"]
[SourceQuality "1"]

1. d4 Nf6 2. c4 e6 3. Nf3 d5 4. Nc3 c6 5. g3 dxc4 6. Bg2 Nbd7 7. 0-0 b5 8. a4 Qb6 9. Ne5 Bb7 10. Nxd7 Nxd7 11. Be3 b4 12. a5 Qa6 13. Ne4 Rc8 14. Qa4 Qb5 15. Qxb5 cxb5 16. Nf6+ Nxf6 17. Bxb7 Rc7 18. Ba6 Bd6 19. Bxb5+ Ke7 20. Rfc1 c3 21. bxc3 bxc3 22. Bg5 Rb8 23. Bd3 h6 24. Bxf6+ gxf6 25. Rab1 Rxb1 26. Rxb1 Ba3 27. Rb3 Bb2 28. Bc2 e5 29. d5 f5 30. Bxf5 c2 31. Bxc2 Rxc2 32. Rb7+ Kf6 33. e3 Rd2 34. Rxa7 Rxd5 35. Rb7 Bc3 36. a6 Ra5 37. Rb6+ Kf5 38. Rxh6 f6 39. Rh5+ Kg6 40. Rh4 Rxa6 41. Rc4 Ra1+ 42. Kg2 Ba5 43. Rc6 Bb4 44. h4 Be7 45. Rc7 Bf8 46. g4 Ra6 47. Rc8 Bg7 48. Rc7 1/2-1/2

[Event "Belt and Road Shaoxing 6th"]
[Site "Shaoxing"]
[Date "2024.07.25"]
[Round "2"]
[White "Chen, Yining"]
[Black "Zhang, Lanlin"]
[Result "1/2-1/2"]
[WhiteElo "2300"]
[BlackElo "2161"]
[PlyCount "175"]
[EventDate "2024.07.24"]
[EventType "swiss"]
[EventRounds "9"]
[EventCountry "CHN"]
[SourceTitle "CBM 221 Extra"]
[Source "ChessBase"]
[SourceDate "2024.09.30"]
[SourceVersion "1"]
[SourceVersionDate "2024.09.30"]
[SourceQuality "1"]

1. d4 Nf6 2. c4 e6 3. Nc3 Bb4 4. e3 d5 5. a3 Bxc3+ 6. bxc3 0-0 7. a4 b6 8. Ba3 Re8 9. Nf3 Ba6 10. Qb3 Nc6 11. Bb4 e5 12. cxd5 Bxf1 13. Kxf1 Nxd5 14. dxe5 Nxe5 15. Rd1 Nxf3 16. Qxd5 Qxd5 17. Rxd5 Ne5 18. Ke2 f5 19. g3 Rad8 20. Rhd1 Rc8 21. Ba3 c6 22. R5d4 c5 23. Rd5 Rc7 24. Bc1 g6 25. h3 Kf7 26. Kf1 Rce7 27. Kg2 Re6 28. Rh1 R6e7 29. Rhd1 Re6 30. Kf1 R6e7 31. Ke2 Nc4 32. Rd7 Ke6 33. Rxe7+ Kxe7 34. g4 Ke6 35. f3 a6 36. gxf5+ gxf5 37. Rg1 Kf6 38. Rd1 Ke6 39. Rg1 Kf6 40. Rd1 Rg8 41. Kf2 Ke6 42. e4 fxe4 43. Re1 Ne5 44. Rxe4 Kd5 45. Bf4 Nd3+ 46. Ke3 Nxf4 47. c4+ Kc6 48. Rxf4 Rg6 49. Rh4 h6 50. f4 b5 51. axb5+ axb5 52. cxb5+ Kxb5 53. f5 Rc6 54. Rf4 c4 55. f6 c3 56. f7 c2 57. Rf1 c1Q+ 58. Rxc1 Rf6 59. Ke4 Rxf7 60. Rc3 Kb6 61. Ke5 Rf1 62. h4 h5 63. Rc4 Kb5 64. Re4 Kc6 65. Ke6 Rc1 66. Kf6 Rc5 67. Kg6 Kd7 68. Kh6 Ra5 69. Re1 Rb5 70. Kg6 Ra5 71. Re4 Rb5 72. Kf6 Ra5 73. Re7+ Kd8 74. Rh7 Ke8 75. Rh8+ Kd7 76. Rh7+ Kd6 77. Kg6 Ke6 78. Rh8 Ke7 79. Rg8 Rb5 80. Rg7+ Ke6 81. Ra7 Rc5 82. Kh6 Kf6 83. Ra6+ Kf7 84. Ra4 Rf5 85. Ra7+ Kf6 86. Ra6+ Kf7 87. Ra7+ Kf6 88. Ra6+ 1/2-1/2

[Event "CHN-chT Div-A"]
[Site "Fuling"]
[Date "2024.07.08"]
[Round "11.4"]
[White "Chen, Yining"]
[Black "Zhai, Mo"]
[Result "1/2-1/2"]
[WhiteElo "2300"]
[BlackElo "2348"]
[PlyCount "60"]
[EventDate "2024.06.26"]
[EventType "team-swiss"]
[EventRounds "11"]
[EventCountry "CHN"]
[SourceTitle "CBM 221 Extra"]
[Source "ChessBase"]
[SourceDate "2024.09.30"]
[SourceVersion "1"]
[SourceVersionDate "2024.09.30"]
[SourceQuality "1"]
[WhiteTeam "Guangdong"]
[BlackTeam "Hangzhou"]
[WhiteTeamCountry "CHN"]
[BlackTeamCountry "CHN"]

1. d4 Nf6 2. c4 e6 3. Nc3 Bb4 4. e3 0-0 5. Bd3 d5 6. a3 Bxc3+ 7. bxc3 dxc4 8. Bxc4 c5 9. Nf3 Qc7 10. Be2 b6 11. Bb2 cxd4 12. cxd4 Ba6 13. 0-0 Qb7 14. Ne5 Bxe2 15. Qxe2 Rc8 16. Rfc1 Nbd7 17. Nxd7 Qxd7 18. e4 Rxc1+ 19. Rxc1 Rc8 20. Rxc8+ Qxc8 21. f3 h6 22. Qd3 Qc6 23. Kf2 Qc7 24. g3 Qc6 25. Qc3 Qb5 26. Qb4 Qd3 27. Qc3 Qb5 28. Qb4 Qd3 29. Qc3 Qb5 30. Qb4 Qd3 1/2-1/2

[Event "CHN-chT Div-A"]
[Site "Fuling"]
[Date "2024.07.04"]
[Round "8.4"]
[White "Song, Yuxin"]
[Black "Chen, Yining"]
[Result "1-0"]
[WhiteElo "2383"]
[BlackElo "2300"]
[PlyCount "93"]
[EventDate "2024.06.26"]
[EventType "team-swiss"]
[EventRounds "11"]
[EventCountry "CHN"]
[SourceTitle "CBM 221 Extra"]
[Source "ChessBase"]
[SourceDate "2024.09.30"]
[SourceVersion "1"]
[SourceVersionDate "2024.09.30"]
[SourceQuality "1"]
[WhiteTeam "Shenzhen Pengchengkulan"]
[BlackTeam "Guangdong"]
[WhiteTeamCountry "CHN"]
[BlackTeamCountry "CHN"]

1. e4 c6 2. Nf3 d5 3. d3 dxe4 4. dxe4 Qxd1+ 5. Kxd1 Nf6 6. Nbd2 g6 7. a4 Bg7 8. a5 Bg4 9. Be2 Nbd7 10. Ne1 Bxe2+ 11. Kxe2 Nc5 12. f3 0-0-0 13. Nc4 Nfd7 14. Be3 Kb8 15. c3 f5 16. e5 Ne6 17. Nd3 g5 18. g3 Rhf8 19. f4 Bh6 20. h4 gxf4 21. gxf4 Rg8 22. Rhg1 Rc8 23. Kf3 Rcd8 24. Ke2 Rc8 25. Rad1 Rcd8 26. Nd2 Rxg1 27. Rxg1 Ndf8 28. Nf3 Ng6 29. Ng5 Bxg5 30. hxg5 Rh8 31. Rh1 Nd8 32. Kf3 Ne6 33. Nc1 c5 34. Ne2 b6 35. Ng3 Ng7 36. axb6 axb6 37. b4 cxb4 38. cxb4 Kb7 39. b5 e6 40. Rd1 Ne8 41. Rd8 Nc7 42. Rd6 h6 43. Rxb6+ Kc8 44. Rc6 Kb7 45. Nxf5 hxg5 46. Nd6+ Kb8 47. Ba7+ 1-0

[Event "CHN-chT Div-A"]
[Site "Fuling"]
[Date "2024.07.03"]
[Round "7.4"]
[White "Li, Ruofan"]
[Black "Chen, Yining"]
[Result "1-0"]
[WhiteElo "2321"]
[BlackElo "2300"]
[PlyCount "95"]
[EventDate "2024.06.26"]
[EventType "team-swiss"]
[EventRounds "11"]
[EventCountry "CHN"]
[SourceTitle "CBM 221 Extra"]
[Source "ChessBase"]
[SourceDate "2024.09.30"]
[SourceVersion "1"]
[SourceVersionDate "2024.09.30"]
[SourceQuality "1"]
[WhiteTeam "Beijing"]
[BlackTeam "Guangdong"]
[WhiteTeamCountry "CHN"]
[BlackTeamCountry "CHN"]

1. d4 d5 2. c4 c6 3. Nf3 Nf6 4. Nc3 e6 5. Bg5 Nbd7 6. e3 Qa5 7. Nd2 Bb4 8. Rc1 dxc4 9. Bxf6 Nxf6 10. Nxc4 Qc7 11. g3 0-0 12. Bg2 Nd5 13. 0-0 Nxc3 14. bxc3 Be7 15. Qb3 b6 16. e4 Ba6 17. Rfd1 Bxc4 18. Qxc4 Rac8 19. f4 b5 20. Qe2 c5 21. d5 exd5 22. Rxd5 Qb6 23. c4 Rfd8 24. e5 bxc4 25. Qxc4 Qb4 26. Qxb4 cxb4 27. Rxd8+ Rxd8 28. Kf1 f6 29. Rc7 Kf7 30. Ke2 fxe5 31. fxe5 a5 32. Ra7 a4 33. Rxa4 Bc5 34. Ra5 Bd4 35. Bd5+ Ke7 36. Bb3 Bg1 37. h3 Bd4 38. Rb5 Bc3 39. e6 Kf6 40. g4 h6 41. h4 Re8 42. Ke3 Ke7 43. Rb7+ Kd6 44. Rd7+ Kc5 45. g5 hxg5 46. hxg5 Bb2 47. Ke4 Kc6 48. Ba4+ 1-0

[Event "CHN-chT Div-A"]
[Site "Fuling"]
[Date "2024.06.29"]
[Round "4.4"]
[White "Chen, Yining"]
[Black "Sun, Fanghui"]
[Result "0-1"]
[WhiteElo "2300"]
[BlackElo "2115"]
[PlyCount "56"]
[EventDate "2024.06.26"]
[EventType "team-swiss"]
[EventRounds "11"]
[EventCountry "CHN"]
[SourceTitle "CBM 221 Extra"]
[Source "ChessBase"]
[SourceDate "2024.09.30"]
[SourceVersion "1"]
[SourceVersionDate "2024.09.30"]
[SourceQuality "1"]
[WhiteTeam "Guangdong"]
[BlackTeam "Chongqing Jiulongpo"]
[WhiteTeamCountry "CHN"]
[BlackTeamCountry "CHN"]

1. d4 d5 2. c4 c6 3. Nc3 Nf6 4. e3 g6 5. Nf3 Bg7 6. Be2 0-0 7. 0-0 dxc4 8. Bxc4 Bg4 9. Be2 Nbd7 10. e4 Bxf3 11. Bxf3 e5 12. d5 cxd5 13. exd5 Re8 14. Bg5 h6 15. Be3 e4 16. Be2 a6 17. a4 Qa5 18. Qd2 Kh7 19. Rfd1 Rad8 20. d6 Qf5 21. Nd5 Ng4 22. Ne7 Qe6 23. Bxg4 Qxg4 24. Qd5 Ne5 25. h3 Qe6 26. Qxe4 Rxd6 27. Rxd6 Qxd6 28. Nd5 f5 0-1

[Event "CHN-chT Div-A"]
[Site "Fuling"]
[Date "2024.06.28"]
[Round "3.4"]
[White "Zhou, Shumeng"]
[Black "Chen, Yining"]
[Result "1/2-1/2"]
[WhiteElo "2173"]
[BlackElo "2300"]
[PlyCount "63"]
[EventDate "2024.06.26"]
[EventType "team-swiss"]
[EventRounds "11"]
[EventCountry "CHN"]
[SourceTitle "CBM 221 Extra"]
[Source "ChessBase"]
[SourceDate "2024.09.30"]
[SourceVersion "1"]
[SourceVersionDate "2024.09.30"]
[SourceQuality "1"]
[WhiteTeam "Tianjin"]
[BlackTeam "Guangdong"]
[WhiteTeamCountry "CHN"]
[BlackTeamCountry "CHN"]

1. e4 c6 2. d4 d5 3. e5 Bf5 4. h4 a6 5. a3 c5 6. dxc5 Qc7 7. Nf3 Qxc5 8. Nc3 e6 9. Nd4 Qc7 10. Bf4 Nh6 11. Be2 Bc5 12. Nb3 d4 13. Nxd4 Bxd4 14. Qxd4 Nc6 15. Qe3 Bxc2 16. Bxh6 gxh6 17. Rc1 Bb3 18. f4 0-0-0 19. 0-0 Rhg8 20. Bf3 Bc4 21. Rfd1 Rxd1+ 22. Nxd1 Bd5 23. Nc3 Bxf3 24. Qxf3 Kb8 25. Qf2 Ne7 26. Rc2 Qc6 27. a4 Qd7 28. Rd2 Qc7 29. Rc2 Qd7 30. Rd2 Qc7 31. Rc2 Qd7 32. Rd2 1/2-1/2

[Event "CHN-ch (Women)"]
[Site "Xinghua"]
[Date "2024.05.16"]
[Round "11"]
[White "Chen, Yining"]
[Black "Li, Xueyi"]
[Result "0-1"]
[WhiteElo "2338"]
[BlackElo "2212"]
[PlyCount "98"]
[EventDate "2024.05.06"]
[EventType "tourn"]
[EventRounds "11"]
[EventCountry "CHN"]
[EventCategory "1"]
[SourceTitle "CBM 220 Extra"]
[Source "ChessBase"]
[SourceDate "2024.07.31"]
[SourceVersion "1"]
[SourceVersionDate "2024.07.31"]
[SourceQuality "1"]

1. d4 d5 2. c4 c6 3. Nc3 Nf6 4. e3 g6 5. Nf3 Bg7 6. Be2 0-0 7. 0-0 Bg4 8. Qb3 Qb6 9. Qxb6 axb6 10. cxd5 Nxd5 11. Nxd5 cxd5 12. h3 Bd7 13. Bd2 Rc8 14. Bd3 Nc6 15. Bc3 Be8 16. Rfc1 e6 17. Kf1 Bf8 18. Ke2 Na5 19. g4 h6 20. g5 h5 21. Ne5 Nc6 22. f4 Nxe5 23. fxe5 Be7 24. h4 Bc6 25. a3 Ra4 26. Rf1 Be8 27. Rac1 Raa8 28. Kd2 Rc7 29. Bb4 Bxb4+ 30. axb4 Rcc8 31. Rxc8 Rxc8 32. Ra1 b5 33. Ra5 Bc6 34. Ra3 Kf8 35. Rc3 Rb8 36. Rc5 Ke7 37. Bxb5 Bxb5 38. Rxb5 b6 39. e4 dxe4 40. Ke3 Kd7 41. d5 Kc7 42. Kxe4 Kb7 43. dxe6 fxe6 44. Rd5 exd5+ 45. Kxd5 Kc7 46. Ke6 Rf8 47. Ke7 Rf4 48. e6 Rxh4 49. Kf6 Kd6 0-1

[Event "CHN-ch (Women)"]
[Site "Xinghua"]
[Date "2024.05.14"]
[Round "9"]
[White "Chen, Yining"]
[Black "Zhou, Yafei"]
[Result "1-0"]
[WhiteElo "2338"]
[BlackElo "1835"]
[PlyCount "153"]
[EventDate "2024.05.06"]
[EventType "tourn"]
[EventRounds "11"]
[EventCountry "CHN"]
[EventCategory "1"]
[SourceTitle "CBM 220 Extra"]
[Source "ChessBase"]
[SourceDate "2024.07.31"]
[SourceVersion "1"]
[SourceVersionDate "2024.07.31"]
[SourceQuality "1"]

1. d4 f5 2. c4 Nf6 3. Nc3 g6 4. g3 Bg7 5. Bg2 d6 6. Nf3 0-0 7. 0-0 c6 8. b3 Qc7 9. Re1 Ne4 10. Bb2 Nxc3 11. Bxc3 e5 12. dxe5 dxe5 13. e4 f4 14. c5 Bg4 15. Qd3 Bxf3 16. Bxf3 Na6 17. Bg4 Kh8 18. Qc4 h5 19. Bh3 h4 20. Rad1 Qe7 21. b4 Qg5 22. Kg2 Rad8 23. Rd6 fxg3 24. fxg3 Rxd6 25. cxd6 Qf6 26. Rf1 Qxd6 27. Rxf8+ Qxf8 28. Qe6 hxg3 29. hxg3 Qg8 30. Qxg6 Qh7 31. Qg4 Qg8 32. a3 Qa2+ 33. Kf3 Qf7+ 34. Ke3 Nc7 35. Qh4+ Kg8 36. Qd8+ Ne8 37. Bf5 Bf6 38. Qd1 Ng7 39. Bg4 Qc4 40. Qd3 Bg5+ 41. Ke2 Qa2+ 42. Kf1 Bf6 43. Bd2 Kh7 44. Qe3 Kg8 45. Ke1 Qb1+ 46. Ke2 b6 47. Qd3 Qh1 48. Be1 Kh8 49. Qf3 Qxf3+ 50. Kxf3 Kg8 51. Bd7 c5 52. bxc5 bxc5 53. Ke3 Kf7 54. Kd3 Ke7 55. Bg4 Kd6 56. Kc4 Kc6 57. Bf2 Ne8 58. Be6 Nd6+ 59. Kd3 Kb5 60. Bd7+ Kb6 61. Be3 Bg7 62. g4 Kc7 63. Be6 Kc6 64. a4 Kb6 65. Bd2 Kc6 66. Bg5 Ne8 67. Be7 Nd6 68. g5 Ne8 69. Bd5+ Kd7 70. Bxc5 a6 71. Bc4 Nc7 72. Bb6 Kc6 73. Bxc7 Kxc7 74. Bxa6 Kb6 75. Bc8 Ka5 76. Bd7 Kb4 77. Ke3 1-0

[Event "CHN-ch (Women)"]
[Site "Xinghua"]
[Date "2024.05.13"]
[Round "8"]
[White "Song, Yuxin"]
[Black "Chen, Yining"]
[Result "1/2-1/2"]
[WhiteElo "2381"]
[BlackElo "2338"]
[PlyCount "144"]
[EventDate "2024.05.06"]
[EventType "tourn"]
[EventRounds "11"]
[EventCountry "CHN"]
[EventCategory "1"]
[SourceTitle "CBM 220 Extra"]
[Source "ChessBase"]
[SourceDate "2024.07.31"]
[SourceVersion "1"]
[SourceVersionDate "2024.07.31"]
[SourceQuality "1"]

1. e4 c6 2. d4 d5 3. e5 Bf5 4. Nc3 e6 5. g4 Bg6 6. Nge2 c5 7. h4 h5 8. Nf4 Bh7 9. Nxh5 Nc6 10. dxc5 Qc7 11. Bf4 Bxc5 12. Bd3 Qb6 13. Qd2 Bxd3 14. cxd3 Bd4 15. Nxg7+ Kf8 16. Nh5 Nxe5 17. Bxe5 Bxe5 18. Ne2 Nf6 19. Nxf6 Bxf6 20. g5 Bd4 21. Nxd4 Qxd4 22. Qc3 Qxc3+ 23. bxc3 Ke7 24. Rb1 b6 25. Rb4 Rh5 26. Rg1 e5 27. Rgg4 Rah8 28. Kf1 f5 29. gxf6+ Kxf6 30. Ke2 Kf5 31. Kf3 Rc8 32. Rb3 Rch8 33. Kg3 R8h7 34. Rb5 Rc7 35. Rxd5 Rxc3 36. Rd6 Rc1 37. Kf3 Rh1 38. Rgg6 Rh3+ 39. Kg2 Rxd3 40. Rgf6+ Ke4 41. f3+ Ke3 42. Rxd3+ Kxd3 43. Kg3 Rh8 44. Kg4 Rg8+ 45. Kf5 Rh8 46. Kg5 Rg8+ 47. Rg6 Rf8 48. Rd6+ Ke3 49. Rd5 Rxf3 50. Rxe5+ Kd4 51. Rf5 Ra3 52. Rf2 Rg3+ 53. Kf5 Rh3 54. Kg4 Rh1 55. h5 b5 56. Kg5 a5 57. Rf4+ Kc3 58. h6 b4 59. Rh4 Rg1+ 60. Kf6 Rg8 61. h7 Rh8 62. Kg7 Rxh7+ 63. Rxh7 a4 64. Rh4 a3 65. Rh3+ Kb2 66. Rh2+ Kc3 67. Kf6 b3 68. Rh3+ Kb2 69. Rh2+ Kc3 70. Rh3+ Kb2 71. axb3 a2 72. Rh1 Kxb3 1/2-1/2